000 00347nam a22001337a 4500
999 _c13791
_d13791
020 _a9780134588209
082 _a150
100 _aScott O. Lilienfeld ; Steven J. Lynn ; Laura L. Namy
245 _aPsychology: From Inquiry to Understanding
250 _a4th edition
260 _aUSA
_bPearson
_c2018
300 _aXXXIV, 794 pages
942 _cBK